Precziz tanár ur és Professzor ur Naiv az igazoló bizottság előtt

Elmentve itt :
Bibliográfiai részletek
Dokumentumtípus: Cikk
Megjelent: 1945-07-15
Sorozat:Délmagyarország 2 No. 158
Kulcsszavak:Farkas Béla, Ábrahám Ambrus, Egyetemi tanárok igazolása, Publicisztika, gúnyirat
Online Access:http://dmarchiv.bibl.u-szeged.hu/34251
LEADER 00511nab a2200145 i 4500
001 delm34251
005 20180927112910.0
008 180927s1945 hu o 0|| hun d
040 |a SZTE Délmagyarország Archívum  |b hun 
041 |a hun 
245 0 0 |a Precziz tanár ur és Professzor ur Naiv az igazoló bizottság előtt  |h [elektronikus dokumentum] 
260 |c 1945-07-15 
300 |a 4 
490 0 |a Délmagyarország  |v 2 No. 158 
695 |a Farkas Béla, Ábrahám Ambrus, Egyetemi tanárok igazolása, Publicisztika, gúnyirat